| 000 | 00000nam##2200000za#4500 |
| 001 | 9.606215 |
| 003 | CaOODSP |
| 005 | 20220328113248 |
| 007 | cr ||||||||||| |
| 008 | 150406|2014||||xxc|||||o f|0| 0 fre|d |
| 020 | |a978-0-660-21345-3 |
| 040 | |aCaOODSP|bfre |
| 043 | |an-cn--- |
| 086 | 1 |aIu172-1/2014-6F-PDF |
| 110 | 1 |aCanada. |bIndustrie Canada. |
| 245 | 10|aUtilisation d'une expérience naturelle pour estimer l'impact différentiel du crédit d'impôt provincial pour la R-D sur les dépenses en R-D des entreprises de Colombie-Britannique / |h[ressource électronique]|c[par] Dany Brouillette. |
| 260 | |aOttawa - Ontario : |bIndustrie Canada |cc2014. |
| 300 | |a30p.|bgraphiques, références, tableaux |
| 490 | 1 |aDocuments de travail de la Direction générale de la recherche économique et de l'analyse des politiques|v2014-06 |
| 590 | |a15-11|b2015-03-13 |
| 691 | 07|aCrédit d'impôt|2gcpds |
| 775 | 08|tEstimating the incremental impacts of a provincial tax credit on business R&D expenditures using a natural experiment in British Columbia / |w(CaOODSP)9.577708 |
| 830 | #0|aDocuments de travail de la Direction générale de la recherche économique et de l'analyse des politiques ;|v2014-06|w(CaOODSP)9.504011 |
| 856 | 40|ahttp://publications.gc.ca|qPDF|s980 Ko|uhttps://publications.gc.ca/collections/collection_2015/ic/Iu172-1-2014-6-fra.pdf|y2014-06 |